|
|
|
|
| LEADER |
00000naa a2200000uu 4500 |
| 001 |
vtls010960869 |
| 003 |
SK-MaSNL |
| 005 |
20260302120936.0 |
| 008 |
210906|1997 xo |||||||||||||||||slo| |
| 015 |
|
|
|a SNBRA
|
| 035 |
|
|
|a (urnnbn)urn:nbn:sk:snk:ar-a0broa
|
| 035 |
|
|
|a (uuid)81c2cc52-fddd-48f8-87f6-322b12377ed4
|
| 035 |
|
|
|a urn:nbn:sk:snk-aaujc9
|
| 040 |
|
|
|a SNKBUCL
|b slo
|c SNKBUCL
|e AACR2
|
| 041 |
0 |
|
|a slo
|
| 044 |
|
|
|a xo
|c SK
|
| 100 |
1 |
|
|a Šofranko, Igor
|4 aut
|9 802232
|
| 245 |
1 |
0 |
|a RIADENIE OHRIEVAČOV VETRA NA MAXIMÁLNU TEPLOTU VETRA
|c Igor Šofranko, Imrich Koštial, Ján Terpák, Ľubomír Dorčák, Pavol Nemčovský
|
| 246 |
3 |
|
|a CONTROL OF HOT BLAST STOVES FOR THE MAXIMUM BLAST TEMPERATURE
|
| 700 |
1 |
|
|a Koštial, Imrich
|4 aut
|9 10486
|
| 700 |
1 |
|
|a Terpák, Ján
|4 aut
|9 10974
|
| 700 |
1 |
|
|a Dorčák, Ľubomír
|4 aut
|9 10488
|
| 700 |
1 |
|
|a Nemčovský, Pavol
|4 aut
|9 802233
|
| 773 |
0 |
|
|t Riadenie procesov získavania a spracovania surovín. Sekcia č. 6
|d Košice : Štroffek, 1997
|g S. 29-32
|z 8088896088
|
| 958 |
|
|
|a OND
|
| 958 |
|
|
|a article11
|
| 958 |
|
|
|a chapter
|
| 999 |
|
|
|c 1272004
|d 1273934
|